Dibujo para diseñadores de muebles / (Registro nro. 3717)
[ vista simple ]
| 000 -LEADER | |
|---|---|
| fixed length control field | 01418nam a22002657a 4500 |
| 003 - CONTROL NUMBER IDENTIFIER | |
| control field | PE SENCICO BE |
| 005 - DATE AND TIME OF LATEST TRANSACTION | |
| control field | 20251020182623.0 |
| 008 - FIXED-LENGTH DATA ELEMENTS--GENERAL INFORMATION | |
| fixed length control field | 221221b |||||||| |||| 00| 0 eng d |
| 020 ## - INTERNATIONAL STANDARD BOOK NUMBER | |
| International Standard Book Number | 978-84-342-4040-7 |
| 040 ## - CATALOGING SOURCE | |
| Original cataloging agency | PE SENCICO BE |
| Transcribing agency | PE SENCICO BE |
| 041 ## - LANGUAGE CODE | |
| Language code of text/sound track or separate title | spa |
| 082 ## - DEWEY DECIMAL CLASSIFICATION NUMBER | |
| Classification number | 740 |
| Item number | F39 |
| 100 1# - MAIN ENTRY--PERSONAL NAME | |
| 9 (RLIN) | 334 |
| Personal name | Ferrer, Ricard |
| 245 1# - TITLE STATEMENT | |
| Title | Dibujo para diseñadores de muebles / |
| Statement of responsibility, etc. | Ricard Ferrer |
| 250 ## - EDITION STATEMENT | |
| Edition statement | 1a ed. |
| 260 ## - PUBLICATION, DISTRIBUTION, ETC. | |
| Place of publication, distribution, etc. | Barcelona: |
| Name of publisher, distributor, etc. | Parramón, |
| Date of publication, distribution, etc. | 2014 |
| 300 ## - PHYSICAL DESCRIPTION | |
| Extent | 191 p. : |
| Other physical details | il. col., lams. col. ; |
| Dimensions | 29 cm. |
| 520 3# - SUMMARY, ETC. | |
| Summary, etc. | El dibujo es la herramienta fundamental en el desarrollo de un mueble. Un croquis o un boceto a mano siguen siendo el punto de partida que captura el momento mágico de confluencia con la idea, donde un trazo inicia su larga andadura hasta convertirse en un nuevo producto.<br/>Planteado a modo de collage, este libro pretende aproximarse a la realidad del sector del mueble. Incorpora aquellas metodologías, nuevas y tradicionales, que definen el oficio de diseñador especializado en mobiliario; aborda las prácticas particulares por tipologías y familias de muebles; e ilustra los procesos de desarrollo así como los ejemplos de productos de actual referencia en el mercado. |
| 650 14 - SUBJECT ADDED ENTRY--TOPICAL TERM | |
| 9 (RLIN) | 335 |
| Topical term or geographic name entry element | Dibujo |
| 650 24 - SUBJECT ADDED ENTRY--TOPICAL TERM | |
| 9 (RLIN) | 239 |
| Topical term or geographic name entry element | Muebles |
| 650 24 - SUBJECT ADDED ENTRY--TOPICAL TERM | |
| 9 (RLIN) | 336 |
| Topical term or geographic name entry element | Dibujo técnico |
| 910 ## - USER-OPTION DATA (OCLC) | |
| -- | hfp |
| -- | hfp |
| 942 ## - ADDED ENTRY ELEMENTS (KOHA) | |
| Source of classification or shelving scheme | Dewey Decimal Classification |
| Koha item type | Libros |
| Classification part | 740 |
| Item part | F39 |
| Fecha de la última vez que lo usaron | Número de ingreso o de inventario | Pago total | Signatura topográfica completa | Precio efectivo desde | Tipo de documento | Estado perdido | Sistema de clasificación | Estado dañado | No es para préstamo | Retirado | Ubicación permanente | Ubicación actual | Fecha de adquisición |
|---|---|---|---|---|---|---|---|---|---|---|---|---|---|
| 21/12/2022 | 16163 | 740/F39 | 21/12/2022 | Libros | Dewey Decimal Classification | Biblioteca Central Lima | Biblioteca Central Lima | 21/12/2022 |